Introducción a la estadística / (Registro nro. 7651)

Detalles MARC
000 -CABECERA
Campo de control interno 01819nam a2200253Ia 4500
008 - ELEMENTOS DE LONGITUD FIJA - INFORMACIÓN GENERAL
Campo de control de longitud fija 260220t1974||||xx |||||||||||||| ||spa||
040 ## - FUENTE DE CATALOGACIÓN
Agencia de catalogación original PY-SlUNAC
Idioma de catalogación spa
Convenciones de descripción rda
041 ## - CÓDIGO DE IDIOMA
Código de idioma para texto/pista de sonido o título separado spa
082 ## - NÚMERO DE CLASIFICACIÓN DECIMAL DEWEY
Clasificación Decimal Dewey (CDD) 519.5
Clasificación Expansiva de Cutter (EC) R539i
100 ## - ASIENTO PRINCIPAL - NOMBRE PERSONAL
Nombre personal Rikmers, Albert D.
Rol del autor Autor
245 #0 - TÍTULO
Título Introducción a la estadística /
Mención de responsabilidad por Albert D. Rikmers [Autor] y Hollis N. Todd [Autor]
264 ## - PIE DE IMPRENTA
Lugar Ciudad de México :
Editorial CECSA,
Año ℗1974.
300 ## - DESCRIPCIÓN FÍSICA
Páginas 1 volumen
520 ## - NOTA DE RESUMEN
Nota de resumen En "Introducción a la estadística", Albert D. Rikmers ofrece una visión clara y accesible de los conceptos fundamentales de la estadística, orientada tanto a estudiantes como a profesionales que buscan comprender y aplicar técnicas estadísticas en diversas disciplinas. El autor aborda temas esenciales como la recopilación y organización de datos, medidas de tendencia central, dispersión y probabilidad, así como inferencias estadísticas y pruebas de hipótesis. A lo largo del texto, se incluyen ejemplos prácticos y ejercicios que facilitan la comprensión de los tópicos tratados, permitiendo al lector desarrollar habilidades analíticas y críticas. Rikmers también destaca la importancia de la estadística en la toma de decisiones informadas en contextos sociales, económicos y científicos. Con un enfoque didáctico y un lenguaje accesible, esta obra se convierte en una herramienta valiosa para aquellos que desean adentrarse en el mundo de la estadística, promoviendo un aprendizaje significativo y aplicable a situaciones reales.
653 ## - MATERIA - TÉRMINO TEMÁTICO NO CONTROLADO (PALABRAS CLAVE)
Materia - término temático no controlado (palabras clave) Análisis de datos
653 ## - MATERIA - TÉRMINO TEMÁTICO NO CONTROLADO (PALABRAS CLAVE)
Materia - término temático no controlado (palabras clave) Estadística
653 ## - MATERIA - TÉRMINO TEMÁTICO NO CONTROLADO (PALABRAS CLAVE)
Materia - término temático no controlado (palabras clave) Métodos estadísticos
700 ## - ENTRADA SECUNDARIA - AUTOR PERSONAL
Nombre personal Todd, Hollis N.
Rol del autor Autor
942 ## - ELEMENTOS PERSONALIZADOS (KOHA)
Fecha catalogación 2026/02/17
Tipo de documento Libros
Existencias
Fuente de Clasificacion Colección Ubicacion permanente Biblioteca actual Fecha de Ingreso a la Biblioteca Origen de adquisición Código de ubicación Código de barras Tipo de Item KOHA Nota pública
Dewey Decimal Classification Colección General (CG) Biblioteca e Internet, Facultad de Ciencias Exactas y Naturales Biblioteca e Internet, Facultad de Ciencias Exactas y Naturales 02/20/2026 Donación 519.5 R539i CG1011 Libros Material disponible en la Biblioteca e Intenet, Campus UNA, San Lorenzo.